00702nam a2200181 i 4500001000700000003000900007005001700016008004100033080001900074100002800093245010700121260013700228300002100365502004500386650003300431710003000464852002600494180435ES-MaACL20250814045121.0120604s1970 sp |||| | spa d a530.145(043.2)1 aMiracle Sole, Salvador.10aVersión algebraica del formalismo canónico de la física cuántica /cpor Salvador Miracle Sole. aBarcelona : bUniversidad de Barcelona, Secretariado de Publicaciones, Intercambio Científico y Extensión Universitaria, c1970. a12 p. ; c24 cm. aResumen de tesis--Universidad Barcelona.07aMecánica cuántica2embne2 aUniversidad de Barcelona. aES-MaACLjE-15362(30)